Zasłużył się dla Głogówka

Titel: Zasłużył się dla Głogówka
Verfasser:
In: Ziemia Prudnicka, (2006), Seite 161, fot
alle Artikel anzeigen
Veröffentlicht: 2006
Format: Aufsatz
Sprache: Polnisch
Schlagworte:
Kein Bild verfügbar
X
alg: 39457195
001A    $01999:12-11-16 
001B    $03025:04-04-24 $t07:35:56.000 
001D    $01999:12-11-16 
001U    $0utf8 
001X    $00 
002@    $0Aox 
003@    $0394571959 
007A    $0394571959 $aHEB 
007T    $0Herdww038408 
010@    $apol 
011@    $a2006 
021A    $aZasłużył się dla Głogówka 
027A    $aEine um Oberglogau verdiente Person 
028A    $aWiszniewski $dJanusz 
031A    $h161, fot $j2006 
037A    $aBehandelt Zygmunt Wojas 
039B    $aIn $8--Abvc--. Ziemia Prudnicka. - Prudnik : Spółka Wydawn. "Aneks", 2002-. - ISSN 1642-977X $x200600000000000839 $9112106501 
044K    $ROberglogau $#Oberglogau $75057306-8 $8Głogówek [Tg1] $9044719264 
045F    $a929.094385 $eDDC23BSB 
045F/01 $a929 
045F/03 $g4385 
045T    $a7,41 
046C    $aEine um Oberglogau verdiente Person $bÜbers. des Hauptsacht. 

lok: 39457195 78

exp: 39457195 78 1 #EPN
201B/01 $004-04-24 $t07:35:56.000 
201U/01 $0utf8 
203@/01 $0790682389 
208@/01 $a12-11-16 $be 
209A/01 $a/ $f000 $x00 
220C/01 $aTitelaufnehmer: EV 
220C/01 $aHerkunft: IH UWr 
244Z/01 $2Trx $#Silesia $#Śląsk $#Sliezsko $#Slezsko $8--Trx--Schlesien $x01 $9391173987 
244Z/01 $#Oberglogau $75057306-8 $8--Tg1--Głogówek $x02 $9044719264 
244Z/01 $aGeschichte 2005 $x03 
244Z/01 $2Trx $8--Trx--Wojas, Zygmunt$Z-2005 $x04 $9390601845 
244Z/01 $2Trx $#sport üldine $#sportas bendras $#Sports $#sport általános $#sport ogólnie $#šport všeobecne $#sport všeobecně $#Körperkultur $#kultura fizyczna $#kultúra telesná $#kultura tělesná $8--Trx--Sport$gallgemein $x05 $9391367064 
244Z/01 $2Trx $#turism $#turizmas $#tourism $#turizmus $#turystyka $#cestovný ruch $#cestovní ruch $#Fremdenverkehr $8--Trx--Tourismus $x06 $9391361392 
244Z/01 $2Trx $8--Trx--Zeitschriftenaufsatz $x07 $9391384341 
245Z/01 $a12.03 $x01 
247C/01 $82080>Marburg/Lahn, Herder-Institut, Forschungsbibliothek, Bibliographieportal $9336309341
LEADER 00000caa a22000002c 4500
001 394571959
003 DE-603
005 20240404073556.0
007 tu
008 161112s2006 xx |||| | u00||u|pol c
035 |a (DE-599)HEB394571959 
040 |a DE-603  |b ger  |c DE-603  |d DE-603 
041 |a pol 
082 0 4 |8 1\u  |a 929.094385  |q DE-101  |2 23/BSB 
084 |a 7,41  |2 ssgn 
085 |8 1\u  |b 929 
085 |8 1\u  |z 2  |s 4385 
100 1 |a Wiszniewski, Janusz 
245 0 0 |a Zasłużył się dla Głogówka 
246 1 |i Übers. des Hauptsacht.  |a Eine um Oberglogau verdiente Person 
246 1 3 |a Eine um Oberglogau verdiente Person 
264 0 |c 2006 
500 |a Behandelt Zygmunt Wojas 
651 7 |a Głogówek  |0 (DE-588)5057306-8  |0 (DE-603)044719264  |2 gnd 
773 0 8 |i In  |t Ziemia Prudnicka  |d Prudnik : Spółka Wydawn. "Aneks", 2002-  |x 1642-977X  |g (2006), Seite 161, fot  |w (DE-603)112106501  |w (DE-600)2111590-4 
924 0 |9 2080  |a (DE-603)790682389  |b DE-2080  |c HES  |d d  |g /